[Event "Oldenburg Union 75 Ann Blitz"]
[Site "Oldenburg"]
[Date "2024.12.14"]
[Round "7"]
[White "Wagner, Jan"]
[Black "Adrovic, Asmir"]
[Result "1-0"]
[WhiteElo "2157"]
[BlackElo "1930"]
[PlyCount "57"]
[EventDate "2024.12.14"]
[EventType "swiss (blitz)"]
[EventRounds "13"]
[EventCountry "GER"]
[SourceTitle "CB52_2024"]
[SourceDate "2024.12.25"]
[SourceVersion "1"]
[SourceVersionDate "2024.12.25"]
[SourceQuality "1"]

1. Nf3 d5 2. c4 dxc4 3. Qc2 Nf6 4. Na3 e6 5. Nxc4 Be7 6. g3 Nc6 7. Bg2 h6 8. 0-0 0-0 9. a3 a6 10. b4 Nd5 11. Bb2 Bf6 12. d4 Re8 13. e4 Nb6 14. Nxb6 cxb6 15. Rfd1 Qe7 16. e5 a5 17. exf6 Qxf6 18. d5 e5 19. dxc6 bxc6 20. Nxe5 Bf5 21. Qc3 axb4 22. axb4 Rad8 23. Rxd8 Rxd8 24. Nxc6 Qxc3 25. Bxc3 Rd3 26. Bd4 Bd7 27. Be3 Rc3 28. Ne5 f6 29. Nxd7 1-0

[Event "Oldenburg Union 75 Ann Blitz"]
[Site "Oldenburg"]
[Date "2024.12.14"]
[Round "3"]
[White "Wagner, Jan"]
[Black "Schneider, Ilja"]
[Result "0-1"]
[WhiteElo "2157"]
[BlackElo "2414"]
[PlyCount "69"]
[EventDate "2024.12.14"]
[EventType "swiss (blitz)"]
[EventRounds "13"]
[EventCountry "GER"]
[SourceTitle "CB52_2024"]
[SourceDate "2024.12.25"]
[SourceVersion "1"]
[SourceVersionDate "2024.12.25"]
[SourceQuality "1"]

1. Nf3 Nf6 2. b3 d5 3. Bb2 Bf5 4. g3 c6 5. Bg2 e6 6. 0-0 h6 7. d3 Bh7 8. Nbd2 Nbd7 9. Ne5 Nxe5 10. Bxe5 Bd6 11. Bb2 0-0 12. e4 e5 13. Qe2 Re8 14. Rae1 Qc7 15. Qd1 a5 16. a3 Rad8 17. Qa1 b5 18. Re2 d4 19. Qc1 Nd7 20. Nf3 Nc5 21. Nh4 a4 22. b4 Ne6 23. Nf5 Bf8 24. Qd2 c5 25. bxc5 Qxc5 26. Rc1 b4 27. axb4 Qxb4 28. c3 dxc3 29. Bxc3 Qb3 30. Bxe5 Rxd3 31. Qb2 Ba3 32. Qxb3 axb3 33. Rb1 Nc5 34. Bb2 Bxb2 35. Ra1 0-1

[Event "Oldenburg Union 75 Ann Blitz"]
[Site "Oldenburg"]
[Date "2024.12.14"]
[Round "1"]
[White "Wagner, Jan"]
[Black "Wolff, Ole"]
[Result "1-0"]
[WhiteElo "2157"]
[BlackElo "1622"]
[PlyCount "72"]
[EventDate "2024.12.14"]
[EventType "swiss (blitz)"]
[EventRounds "13"]
[EventCountry "GER"]
[SourceTitle "CB52_2024"]
[SourceDate "2024.12.25"]
[SourceVersion "1"]
[SourceVersionDate "2024.12.25"]
[SourceQuality "1"]

1. Nf3 Nf6 2. c4 g6 3. b4 Bg7 4. Bb2 0-0 5. g3 c6 6. Bg2 d5 7. cxd5 cxd5 8. 0-0 b6 9. d3 Bb7 10. Nbd2 Nbd7 11. Qb3 Rc8 12. Rac1 e6 13. Nd4 Qe7 14. a4 e5 15. Nb5 a6 16. Nc3 Qd6 17. Rfd1 Rc7 18. e4 d4 19. Nd5 Rxc1 20. Rxc1 Nxd5 21. exd5 Rc8 22. Rxc8+ Bxc8 23. Ne4 Qe7 24. d6 Qe6 25. Qxe6 fxe6 26. Ng5 Bf8 27. Nxe6 Bxd6 28. b5 axb5 29. axb5 Nc5 30. Nxc5 Bxc5 31. Bd5+ Kg7 32. Kg2 Bd7 33. Bc4 Kf6 34. Bc1 h5 35. h4 Bg4 36. f3 Bf5 1-0

[Event "Leer op"]
[Site "Leer"]
[Date "2024.11.02"]
[Round "6"]
[White "Ritscher, Jan Paul"]
[Black "Wagner, Jan"]
[Result "1-0"]
[WhiteElo "2208"]
[BlackElo "2135"]
[PlyCount "137"]
[EventDate "2024.10.31"]
[EventType "swiss"]
[EventRounds "7"]
[EventCountry "GER"]
[SourceTitle "CB45_2024"]
[Source "ChessBase"]
[SourceDate "2024.11.06"]
[SourceVersion "1"]
[SourceVersionDate "2024.11.06"]
[SourceQuality "1"]

1. d4 g6 2. e4 Bg7 3. Nc3 c6 4. Be3 d5 5. e5 f6 6. f4 Nh6 7. Be2 0-0 8. Nf3 Bg4 9. Qd2 e6 10. 0-0 Nd7 11. Nd1 Nf5 12. c3 Bh6 13. exf6 Bxf3 14. Bxf3 Nxf6 15. Nf2 Nh4 16. Bg4 Qd6 17. g3 Nf5 18. Bf3 b6 19. Nd3 Nd7 20. Rae1 Rae8 21. Bf2 Qc7 22. Qe2 Nd6 23. Be3 Nf6 24. Nf2 Bg7 25. Ng4 Nf5 26. Nxf6+ Bxf6 27. Bf2 Bg7 28. Qd3 Bf6 29. Re2 Re7 30. Rfe1 Rfe8 31. Bg2 Nd6 32. g4 Kf7 33. Bg3 Qd7 34. Bf3 Rg8 35. Kg2 Ree8 36. b3 Re7 37. h3 Rc8 38. h4 Rg8 39. h5 Ree8 40. Rh1 Rg7 41. Ree1 Bd8 42. Kf2 Bf6 43. hxg6+ hxg6 44. Rh6 Reg8 45. Qe3 Re8 46. Reh1 Be7 47. Kg2 Bd8 48. Bd1 Reg8 49. Bc2 Bf6 50. Bd3 Kf8 51. Qe2 Nf7 52. R6h3 Nd6 53. Re1 Kf7 54. Rh6 c5 55. g5 Be7 56. Bf2 Nf5 57. Bxf5 exf5 58. dxc5 bxc5 59. b4 d4 60. cxd4 cxb4 61. Qc4+ Kf8 62. d5 Bd6 63. Re6 Re7 64. Rxd6 Qxd6 65. Bc5 Qd7 66. Rh7 Rgg7 67. Rh8+ Rg8 68. Bxe7+ Qxe7 69. Qc8+ 1-0

[Event "Leer op"]
[Site "Leer"]
[Date "2024.11.02"]
[Round "5"]
[White "Wagner, Jan"]
[Black "Jonnek, Thomas"]
[Result "1-0"]
[WhiteElo "2135"]
[BlackElo "2012"]
[PlyCount "77"]
[EventDate "2024.10.31"]
[EventType "swiss"]
[EventRounds "7"]
[EventCountry "GER"]
[SourceTitle "CB45_2024"]
[Source "ChessBase"]
[SourceDate "2024.11.06"]
[SourceVersion "1"]
[SourceVersionDate "2024.11.06"]
[SourceQuality "1"]

1. g3 d5 2. Nf3 c6 3. Bg2 g6 4. 0-0 Bg7 5. c4 Nf6 6. Qc2 0-0 7. b3 Bg4 8. Bb2 Bxf3 9. Bxf3 Na6 10. a3 Nc7 11. d3 Nd7 12. Nd2 Ne5 13. Bg2 f5 14. d4 Nf7 15. Nf3 e6 16. e3 g5 17. Ne1 Nd6 18. Nd3 h5 19. f3 g4 20. Nf4 Qg5 21. Rad1 Rf6 22. Bc1 gxf3 23. Bxf3 Ne4 24. Nxh5 Rh6 25. Nf4 e5 26. dxe5 Bxe5 27. Bxe4 fxe4 28. Rf2 Rd8 29. Bb2 Bd6 30. Qc3 Rd7 31. cxd5 cxd5 32. Qd4 Bxf4 33. exf4 Qg4 34. Rdd2 Ne6 35. Qe5 Kf7 36. Rg2 Qf3 37. Rgf2 Qg4 38. Kf1 Ng7 39. Rxd5 1-0

[Event "Oberliga Nord W 2324"]
[Site "Germany"]
[Date "2023.11.19"]
[Round "2.5"]
[White "Wagner, Jan"]
[Black "Hedke, Fred"]
[Result "1/2-1/2"]
[WhiteElo "2124"]
[BlackElo "2236"]
[PlyCount "50"]
[EventDate "2023.10.22"]
[EventType "team-tourn"]
[EventRounds "9"]
[EventCountry "GER"]
[SourceTitle "EXT 2025"]
[Source "ChessBase"]
[SourceDate "2024.10.14"]
[SourceVersion "1"]
[SourceVersionDate "2024.10.14"]
[SourceQuality "1"]
[WhiteTeam "Oldenburg Union"]
[BlackTeam "Delmenhorst"]
[WhiteTeamCountry "GER"]
[BlackTeamCountry "GER"]

1. Nf3 Nf6 2. c4 e6 3. g3 d5 4. Bg2 Be7 5. 0-0 0-0 6. b3 b6 7. Bb2 Bb7 8. cxd5 exd5 9. d4 Nbd7 10. Nc3 Re8 11. Rc1 a6 12. Rc2 Bd6 13. Qc1 Qe7 14. Nd2 Rab8 15. Re1 c5 16. Na4 Bc6 17. Nc4 Bc7 18. Ne3 Bxa4 19. bxa4 Qe6 20. dxc5 bxc5 21. Bxf6 Nxf6 22. Rxc5 Bb6 23. Rc6 Qe5 24. Rd1 Bxe3 25. Qxe3 Qb2 1/2-1/2

[Event "Oberliga Nord W 2223"]
[Site "Germany"]
[Date "2023.03.19"]
[Round "7.4"]
[White "Wagner, Jan"]
[Black "Poschadel, Andreas Gregor"]
[Result "0-1"]
[WhiteElo "2157"]
[BlackElo "2047"]
[PlyCount "152"]
[EventDate "2022.10.23"]
[EventType "team-tourn"]
[EventRounds "9"]
[EventCountry "GER"]
[SourceTitle "EXT 2025"]
[Source "ChessBase"]
[SourceDate "2024.10.14"]
[SourceVersion "1"]
[SourceVersionDate "2024.10.14"]
[SourceQuality "1"]
[WhiteTeam "Oldenburg Union"]
[BlackTeam "Hameln"]
[WhiteTeamCountry "GER"]
[BlackTeamCountry "GER"]

1. Nf3 Nf6 2. e3 d5 3. b3 g6 4. Bb2 Bg7 5. Be2 b6 6. 0-0 0-0 7. d4 Bb7 8. c4 Nbd7 9. Nc3 c5 10. Rc1 Rc8 11. Qc2 cxd4 12. exd4 dxc4 13. bxc4 Bxf3 14. Bxf3 Rxc4 15. Rfd1 Ne8 16. Qe2 Rxd4 17. Nb5 Rxd1+ 18. Rxd1 Bxb2 19. Qxb2 a6 20. Bc6 Nef6 21. Nc3 Qc7 22. Bxd7 Nxd7 23. Nd5 Qc5 24. Qe2 e6 25. Nf4 Nb8 26. h4 Qf5 27. g3 h5 28. Rd6 b5 29. Qe3 a5 30. a3 Qf6 31. Qd3 b4 32. axb4 axb4 33. Kg2 Qc3 34. Qb5 Rc8 35. Nd3 Nc6 36. Qb7 Na5 37. Qxb4 Qxb4 38. Nxb4 Nc4 39. Rc6 Rxc6 40. Nxc6 Kg7 41. Nd4 Kf6 42. Nf3 Kf5 43. Nd4+ Kf6 44. Nf3 Ne5 45. Ng5 Ng4 46. Ne4+ Kf5 47. Nd6+ Kf6 48. Ne4+ Ke7 49. Kf3 f6 50. Ke2 e5 51. Nd2 Ke6 52. Ne4 Nh6 53. Ke3 Nf5+ 54. Kd3 Nd6 55. Nd2 Kf5 56. f3 g5 57. hxg5 fxg5 58. Ke3 Ke6 59. Kf2 Kd5 60. Kg2 Kd4 61. Kf2 Kd3 62. Nb3 Kc4 63. Na5+ Kb5 64. Nb3 Kb4 65. Nd2 Kc3 66. Nf1 Kd3 67. Ne3 Kd4 68. Nc2+ Kc3 69. Ne3 Kd3 70. Nd5 Nf5 71. Nf6 h4 72. gxh4 gxh4 73. Ng4 Kd4 74. Kg2 Ne3+ 75. Kh3 Nxg4 76. fxg4 e4 0-1

[Event "Oberliga Nord W 2223"]
[Site "Germany"]
[Date "2022.10.23"]
[Round "1.5"]
[White "Wagner, Jan"]
[Black "Bargsten, Justus"]
[Result "0-1"]
[WhiteElo "2157"]
[BlackElo "2152"]
[PlyCount "54"]
[EventDate "2022.10.23"]
[EventType "team-tourn"]
[EventRounds "9"]
[EventCountry "GER"]
[SourceTitle "EXT 2025"]
[Source "ChessBase"]
[SourceDate "2024.10.14"]
[SourceVersion "1"]
[SourceVersionDate "2024.10.14"]
[SourceQuality "1"]
[WhiteTeam "Oldenburg Union"]
[BlackTeam "Uelzen Post"]
[WhiteTeamCountry "GER"]
[BlackTeamCountry "GER"]

1. Nf3 d5 2. g3 Nc6 3. d4 Bf5 4. Bg2 Nb4 5. Na3 e6 6. c3 Nc6 7. Nc2 Be7 8. b3 h5 9. h4 Qd7 10. Ne3 Be4 11. b4 a6 12. a3 Nf6 13. 0-0 0-0 14. Bh3 Rad8 15. a4 b6 16. Re1 Bd6 17. Ng5 Bg6 18. Kg2 Qe7 19. f3 Rfe8 20. Qb3 Qf8 21. Bd2 e5 22. Nxd5 exd4 23. Nf4 Bxf4 24. Bxf4 Nd5 25. cxd4 Nxd4 26. Qc4 Nc2 27. Bxc7 Nde3+ 0-1

[Event "Oberliga Nord W 2122"]
[Site "Germany"]
[Date "2022.04.24"]
[Round "5.5"]
[White "Voege, Tobias"]
[Black "Wagner, Jan"]
[Result "1-0"]
[WhiteElo "2286"]
[BlackElo "2179"]
[PlyCount "81"]
[EventDate "2021.10.10"]
[EventType "team-tourn"]
[EventRounds "9"]
[EventCountry "GER"]
[SourceTitle "EXT 2023"]
[Source "ChessBase"]
[SourceDate "2022.10.05"]
[SourceVersion "1"]
[SourceVersionDate "2022.10.05"]
[SourceQuality "1"]
[WhiteTeam "Lister Turm"]
[BlackTeam "Oldenburg Union"]
[WhiteTeamCountry "GER"]
[BlackTeamCountry "GER"]

1. d4 g6 2. c4 Bg7 3. Nc3 d6 4. Nf3 Bg4 5. Bg5 c5 6. d5 Nf6 7. Qc2 0-0 8. e3 Qa5 9. Nd2 h6 10. Bh4 Na6 11. h3 Bd7 12. Be2 Nc7 13. a4 e6 14. dxe6 Bxe6 15. Bf3 Rad8 16. 0-0 d5 17. cxd5 Ncxd5 18. Bxd5 Bxd5 19. e4 g5 20. exd5 gxh4 21. Nc4 Qa6 22. Ne3 Rfe8 23. a5 Re5 24. Ra4 Rde8 25. Rxh4 Qxa5 26. Nc4 Qb4 27. Na2 Qb5 28. Nxe5 Rxe5 29. Nc3 Qd7 30. Rd1 b5 31. d6 Re6 32. Qd3 c4 33. Qg3 b4 34. Nd5 Nxd5 35. Rxd5 c3 36. Rg4 Rg6 37. Rxg6 fxg6 38. bxc3 bxc3 39. Qxg6 Qf7 40. Qxf7+ Kxf7 41. d7 1-0

[Event "Oberliga Nord W 1920"]
[Site "Germany"]
[Date "2019.09.29"]
[Round "1.6"]
[White "Zaja, Ivan"]
[Black "Wagner, Jan"]
[Result "1-0"]
[WhiteElo "2461"]
[BlackElo "2184"]
[PlyCount "43"]
[EventDate "2019.09.29"]
[EventType "team-tourn"]
[EventRounds "9"]
[EventCountry "GER"]
[SourceTitle "CBM 195 Extra"]
[Source "ChessBase"]
[SourceDate "2020.05.31"]
[SourceVersion "1"]
[SourceVersionDate "2020.05.31"]
[SourceQuality "1"]

1. d4 g6 2. e4 Bg7 3. Nc3 c6 4. Bc4 d6 5. Qf3 e6 6. Be3 Nd7 7. Qg3 Qe7 8. h4 e5 9. 0-0-0 Nb6 10. Bb3 Nf6 11. h5 Ng4 12. h6 Bf6 13. dxe5 Bxe5 14. Bf4 Be6 15. Bxe5 dxe5 16. Nf3 f6 17. Rh4 Bxb3 18. axb3 f5 19. exf5 gxf5 20. Rh5 Rf8 21. Nh4 Rg8 22. Nxf5 1-0

[Event "Nord West Cup 16th"]
[Site "Bad Zwischenahn"]
[Date "2014.01.24"]
[Round "2"]
[White "Ikonnikov, Vyacheslav"]
[Black "Wagner, Jan"]
[Result "1-0"]
[WhiteElo "2569"]
[BlackElo "2111"]
[PlyCount "101"]
[EventDate "2014.01.23"]
[EventType "swiss"]
[EventRounds "7"]
[EventCountry "GER"]
[SourceTitle "CBM 158 Extra"]
[Source "ChessBase"]
[SourceDate "2014.02.28"]
[SourceVersion "1"]
[SourceVersionDate "2014.02.28"]
[SourceQuality "1"]

1. d4 g6 2. Nf3 Bg7 3. e4 d6 4. c4 e5 5. d5 f5 6. Nc3 Nf6 7. exf5 gxf5 8. Be2 0-0 9. 0-0 Na6 10. Rb1 Nc5 11. b4 Nce4 12. Nxe4 Nxe4 13. Qc2 a5 14. a3 axb4 15. axb4 Qe8 16. Bd3 Qa4 17. Bb2 Qxc2 18. Bxc2 Bh6 19. Rfd1 Bd7 20. Ra1 Rxa1 21. Rxa1 Nd2 22. Nxd2 Bxd2 23. Ra7 Rb8 24. b5 Bb4 25. Ba3 Bxa3 26. Rxa3 Rf8 27. Kf1 Kg7 28. Ke2 Kf6 29. g3 Rf7 30. Ke3 b6 31. Ra8 Re7 32. Rf8+ Kg7 33. Rd8 Kf6 34. Bb3 Rg7 35. Rh8 Rf7 36. Rd8 Re7 37. Bd1 Rf7 38. Bh5 Rg7 39. Rf8+ Ke7 40. Ra8 Kf6 41. Ra7 Bc8 42. f3 Re7 43. g4 fxg4 44. fxg4 h6 45. Ra8 Bd7 46. Kf3 Kg7 47. Rd8 Kf6 48. Rg8 Rh7 49. Kg3 Rg7 50. Rh8 Bf5 51. Rf8+ 1-0

[Event "Oberliga Nord W 1213"]
[Site "Germany"]
[Date "2013.01.13"]
[Round "5.7"]
[White "Wagner, Jan"]
[Black "Ljubarskij, Jurij"]
[Result "0-1"]
[WhiteElo "2115"]
[BlackElo "2268"]
[PlyCount "51"]
[EventDate "2012.10.14"]
[EventType "team-tourn"]
[EventRounds "9"]
[EventCountry "GER"]
[SourceTitle "EXT 2014"]
[Source "ChessBase"]
[SourceDate "2013.11.20"]
[SourceVersion "1"]
[SourceVersionDate "2013.11.20"]
[SourceQuality "1"]
[WhiteTeam "Oldenburg Union"]
[BlackTeam "Hannover"]
[WhiteTeamCountry "GER"]
[BlackTeamCountry "GER"]

1. Nf3 Nf6 2. c4 e6 3. g3 d5 4. Bg2 Be7 5. 0-0 0-0 6. b3 c5 7. e3 Nc6 8. Qe2 e5 9. cxd5 Nxd5 10. Bb2 e4 11. Ne1 Bf6 12. Nc3 Nxc3 13. Bxc3 Bxc3 14. dxc3 Re8 15. Rd1 Qe7 16. f4 exf3 17. Qxf3 Ne5 18. Qf4 Bg4 19. Rd5 Be2 20. Rf2 Bh5 21. Nf3 Bxf3 22. Bxf3 Rad8 23. Rfd2 Ng6 24. Rxd8 Nxf4 25. Rxe8+ Qxe8 26. exf4 0-1